Ανάπτυξη εφαρμογής ιατρικού φακέλου για το κέντρο υγείας Καρλοβάσου : πτυχιακή εργασία

Η έννοια της πληροφορίας στην εποχή όπου ζούμε, δημιουργεί μια νέα κοινωνία με νέες ευκαιρίες και δεδομένα με απώτερο σκοπό την οικονομική ανάπτυξη, την ποιότητα ζωής αλλά και την ευημερία των ατόμων. Πληροφοριακό Σύστημα είναι ένα οργανωμένο σύνολο, το οποίο βοηθά στη συλλογή, αποθήκευση, διαχείρισ...

Πλήρης περιγραφή

Αποθηκεύτηκε σε:
Λεπτομέρειες βιβλιογραφικής εγγραφής
Κύριος συγγραφέας: Κωστούλας, Ανδρέας
Συγγραφή απο Οργανισμό/Αρχή: Πανεπιστήμιο Αιγαίου. Σχολή Θετικών Επιστημών. Τμήμα Μηχανικών Πληροφοριακών και Επικοινωνιακών Συστημάτων
Μορφή: Thesis Βιβλίο
Γλώσσα:Greek
Δημοσίευση: 2010.
Θέματα:
Διαθέσιμο Online:http://hdl.handle.net/11610/8665
Ετικέτες: Προσθήκη ετικέτας
Δεν υπάρχουν, Καταχωρήστε ετικέτα πρώτοι!

MARC

LEADER 00000cam a2200000 i 4500
001 1/10564
008 101018s2010 gr | ||| |||| ||gre||
035 |l 10109060 
040 |a GR-MyUA  |b gre  |e AACR2 
041 0 |a gre 
082 0 |a 610.285   |2 (22)  
100 1 |a Κωστούλας, Ανδρέας. 
245 1 0 |a Ανάπτυξη εφαρμογής ιατρικού φακέλου για το κέντρο υγείας Καρλοβάσου :   |b πτυχιακή εργασία /   |c του Ανδρέα Κωστούλα ; επιβλέπων καθηγητής, Ευριπίδης Λουκής.  
260 |c 2010.  
300 |a iv, 109 σ. :   |b εικ. ;   |c 30 εκ.  
500 |a Μέλη της εξεταστικής επιτροπής: Λουκής Ευριπίδης, Κοκολάκης Σπυρίδων, Λεκάκος Γεώργιος.  
502 |a Πτυχιακή εργασία – Πανεπιστήμιο Αιγαίου, Σάμος, 2010.  
504 |a Βιβλιογραφία: σ. 101-103.  
506 1 |a Διάθεση πλήρους κειμένου ;   |d Ενδοπανεπιστημιακή δημοσίευση.  
520 |a Η έννοια της πληροφορίας στην εποχή όπου ζούμε, δημιουργεί μια νέα κοινωνία με νέες ευκαιρίες και δεδομένα με απώτερο σκοπό την οικονομική ανάπτυξη, την ποιότητα ζωής αλλά και την ευημερία των ατόμων. Πληροφοριακό Σύστημα είναι ένα οργανωμένο σύνολο, το οποίο βοηθά στη συλλογή, αποθήκευση, διαχείριση, επεξεργασία, έλεγχο και συντονισμό των διαθέσιμων δεδομένων, καθώς επίσης στην ανάλυση προβλημάτων, στη λήψη αποφάσεων και στην ανάπτυξη νέων προϊόντων και υπηρεσιών με χρήση των δεδομένων αυτών. Στην κατεύθυνση αυτή τα Πληροφοριακά Συστήματα Υγείας έχουν ως βασικό σκοπό να υποστηρίξουν τη συλλογή, την επεξεργασία, την οργάνωση και την αποθήκευση διαθέσιμων δεδομένων υποβοηθώντας τη λειτουργία είτε ολόκληρου του νοσοκομείου είτε για τμήμα αυτού. Η παρούσα διπλωματική εργασία έχει ως σκοπό να δημιουργήσει ένα σύστημα το οποίο θα υποστηρίξει το Κέντρο Υγείας Καρλοβάσου και στην έρευνα κατά του μεταβολικού συνδρόμου αλλά και στην κάλυψη των καθημερινών αναγκών του. Όσο αφορά στην ανάπτυξη του συστήματος, αυτό βασίζεται στη μεθοδολογία των ευμετάβλητων συστημάτων. Παρουσιάζεται αναλυτικά ο σχεδιασμός της βάσης δεδομένων όπως και της σχετικής εφαρμογής, καθώς και η τελική μορφή του συστήματος με όλες τις φόρμες και τις λειτουργίες που παρέχονται στο χρήστη. Ακολουθώντας τη μέθοδο της επαναληπτικής προσέγγισης (iterative approach) των διεργασιών, και τη μέθοδο των ανακυκλώσεων, δημιουργήθηκε ένα σύστημα με δυνατότητες να αποθηκεύει, να επεξεργάζεται, να αναζητά, να εκτυπώνει καταχωρήσεις εξετάσεων ασθενών, παρέχοντας την ευελιξία να χρησιμοποιείται παράλληλα από διαφορετικούς χρήστες (κλινικό ιατρό, ακτινολόγο, διοικητικό υπάλληλο και ιατρό αιματολογικών εξετάσεων). Από τη λειτουργία του συστήματος προκύπτει ότι βοηθάει ιδιαίτερα το έργο των γιατρών διότι είναι πολύ φιλικό στο χρήστη (user friendly) και είναι πλήρως Ελληνικό, αλλά επίσης αποτελεί πολύ σημαντικό εργαλείο για έρευνα σε διεθνές επίπεδο, αφού γίνεται χρήση της βασικής επικρατούσας ορολογίας όσο αφορά στην αποθήκευση ιατρικής πληροφορίας, ώστε να συμβαδίζει με τα διεθνή πρότυπα. 
610 2 0 |a University of the Aegean  |x Dissertations. 
650 0 0 |a Medicine  |x Data processing. 
650 0 0 |a Hospital Information Systems. 
650 0 0 |a Dissertations, Academic  |z Greece. 
700 1 |a Λουκής, Ευριπίδης Ν.  |e dgs 
710 2 |a Πανεπιστήμιο Αιγαίου.   |b Σχολή Θετικών Επιστημών.   |b Τμήμα Μηχανικών Πληροφοριακών και Επικοινωνιακών Συστημάτων. 
852 |a INST  |b SAMOS  |c DIATR  |e 20101018  |h 610.285 ΚΩΣ  |p 005300033199  |q 005300033199  |t DIE  |y 23 
852 |a INST  |b SAMOS  |c DIATR  |e 20101018  |h 610.285 ΚΩΣ  |p 005300033200  |q 005300033200  |t DIE  |y 23 
856 |u http://hdl.handle.net/11610/8665 
901 |a BIBL3-2010-3 
909 |a Σ  |b 166122 
909 |a Σ  |b 166123 
924 |a ΚΩΣΤΟΥΛΑΣ  |b ΑΝΔΡΕΑΣ  |y Σάμος  |z 2010-10 
970 |a ΚΟΣΙΕΡΗΣ  |b ΧΡΗΣΤΟΣ  |z 2010/10/18